| 000 | 00390nam a22001457a 4500 | ||
|---|---|---|---|
| 003 | OSt | ||
| 005 | 20251021105457.0 | ||
| 008 | 251021b |||||||| |||| 00| 0 eng d | ||
| 020 | _a9966497476 | ||
| 040 | _cLONGHORN PUBLISHERS K LTD | ||
| 050 | _aPL 8704 .B87 2004 | ||
| 245 |
_aKIPIMO CHA MIZANI _cBURHANI W ZAINAB |
||
| 260 |
_aNAIROBI _bLONGHORN PUBLISHERS K LTD _c2004 |
||
| 942 |
_2lcc _cBK _n0 |
||
| 999 |
_c9681 _d9681 |
||